Vox : (Record no. 27193)

MARC details
000 -LEADER
campo de control de longitud fija 00646ntaaa2200205 4500
003 - IDENTIFICADOR DE NÚMERO DE CONTROL
campo de control 01
005 - FECHA Y HORA DE LA ÚLTIMA TRANSACCIÓN
campo de control 20251027203154.0
008 - DATOS DE LONGITUD FIJA--INFORMACIÓN GENERAL
campo de control de longitud fija 0714s1973 ag 01
020 ## - NÚMERO INTERNACIONAL ESTÁNDAR DEL LIBRO
Número Internacional Estándar del Libro 8471531925
040 ## - FUENTE DE CATALOGACIÓN
Centro catalogador/agencia de origen AR-BaBN
Lengua de catalogación spa
Centro/agencia transcriptor AR-BaBN
Normas de descripción aacr
Centro/agencia modificador RIC
082 ## - NÚMERO DE LA CLASIFICACIÓN DECIMAL DEWEY
Número de clasificación 483 P11v
100 ## - ENTRADA PRINCIPAL--NOMBRE DE PERSONA
Nombre de persona Pabón S. de Urbina, José .M
9 (RLIN) 33244
245 ## - MENCIÓN DEL TÍTULO
Título Vox :
Resto del título Diccionario Manual Griego-Español /
Mención de responsabilidad, etc. José .M Pabón S. de Urbina
250 ## - MENCION DE EDICION
Mención de edición 9 ed.
260 ## - PUBLICACIÓN, DISTRIBUCIÓN, ETC.
Lugar de publicación, distribución, etc. Barcelona :
Nombre del editor, distribuidor, etc. Biblograf, S.A.,
Fecha de publicación, distribución, etc. 1975
300 ## - DESCRIPCIÓN FÍSICA
Extensión 711 p ;
Dimensiones 19.5 cm
500 ## - NOTA GENERAL
Nota general Contiene Lista de Abreviaturas, Apendice Gramatical: Morfología y Sintaxis
650 ## - PUNTO DE ACCESO ADICIONAL DE MATERIA--TÉRMINO DE MATERIA
Término de materia o nombre geográfico como elemento de entrada GRIEGO - DICCIONARIOS
9 (RLIN) 33245
942 ## - ELEMENTOS DE ENTRADA SECUNDARIOS (KOHA)
Tipo de ítem Koha Colección General
Holdings
Estatus retirado Estado de pérdida Estado de daño No para préstamo Biblioteca de origen Biblioteca actual Fecha de adquisición Número de inventario Total de préstamos Signatura topográfica completa Código de barras Visto por última vez Precio de reemplazo Tipo de ítem Koha
        Biblioteca Pluis Biblioteca Pluis 27/10/2025 42901   483 P11v 42901 27/10/2025 27/10/2025 REFERENCIA